000 00575nam a2200169Ia 4500
005 20250923145150.0
008 008 250917s9999 xx 000 0 eng d
037 _aTextual
040 _aDSWL
_beng
_cDSWL
041 _aeng
_2eng
084 _aYXp73,M74, N67
_qDSWL
245 4 _aThe Social Welfare Forum, 1967, 94th Annual Forum Dallas; 1967
_cby National Conference of Social Welfare
260 _aNew York
_b National Conference of Social Welfare
_c1967
300 _axii,159p.
942 _cTEXL
_hYXp73,M74, N67
999 _c1447958
_d1447958